000 00661nam a2200229 i 4500
001 17201
003 ES-MaACL
005 20250111062527.0
007 t|
008 010122s2000 sp ||||0| spa j
020 _a84-339-2450-8
040 _aM-BN
_bspa
_cM-BN
080 _a821.134.2-95"19"
100 1 _aVila-Matas, Enrique.
_9114728
245 1 0 _aBartleby y compañía /
_cEnrique Vila-Matas.
260 _aBarcelona :
_bAnagrama,
_c[2000]
300 _a179 p. ;
_c22 cm.
490 1 _aNarrativas hispánicas ;
_v279
830 0 0 _aNarrativas hispánicas (Anagrama)
_v279
_9178124
852 _aES-MaACL
_jL-24189
_bR.129462
999 _c17201
_d17201